[Event "Moscow Aeroflot op-A"]
[Site "Moscow"]
[Date "2003.02.12"]
[Round "2"]
[White "Sadvakasov, Darmen"]
[Black "Korotylev, Alexey"]
[Result "1-0"]
[WhiteElo "2523"]
[BlackElo "2586"]
[Annotator "Gofshtein,L"]
[PlyCount "65"]
[EventDate "2003.02.10"]
[EventType "swiss"]
[EventRounds "9"]
[EventCountry "RUS"]
[SourceTitle "CBM 094"]
[Source "ChessBase"]
[SourceDate "2003.05.26"]
[SourceVersion "1"]
[SourceVersionDate "2003.05.26"]
[SourceQuality "1"]

1. e4 {[%mdl 4]} c5 2. Nf3 Nc6 3. d4 cxd4 4. Nxd4 Nf6 5. Nc3 d6 6. Bg5 e6 7.
Qd2 a6 8. O-O-O h6 9. Be3 Bd7 10. f4 {Another variation: 10...Be7} b5 (10...
Be7 $5 11. h3 b5 12. Bd3 Nxd4 13. Bxd4 b4 14. Ne2 e5 $5 $132) 11. Bd3 Qc7 12.
Kb1 Be7 13. h3 {Control of the g4 square and preparing a pawn attack on the
queenside. Also deserving attention is: 13.Rhe1 as followed.} (13. Nf3 Ng4 (
13... b4 $5 14. Ne2 $13) 14. Bg1 O-O 15. h3 Nf6 16. g4 b4 17. Ne2 d5 $13 {
Adams,M-Lutz,C/Wijk/1995/}) (13. Rhe1 b4 $6 (13... Nxd4 14. Bxd4 e5) 14. Nce2
O-O 15. h3 e5 16. Nf5 Bxf5 17. exf5 e4 18. Bc4 d5 19. Bb3 Na5 20. g4 {with
attack for white Hubner,R-Lutz,C Muenchen/1994/ CBM 42}) 13... O-O (13... Na5
14. g4 (14. Qf2 b4 15. Nce2 Nc4 16. Bc1 a5 17. g4 a4 18. Qg2 a3 19. b3 Nb2 20.
g5 hxg5 21. fxg5 Nh5 22. g6 f6 23. Qf3 Ra5 24. h4 {Landenbergue,C-Schlosser,P/
Horgen SKA (08)/1994/1-0 (56)}) 14... Nc4 (14... b4 15. Nce2 Nc4 16. Bxc4 Qxc4
17. Ng3 a5 18. Rhf1 (18. g5 hxg5 19. fxg5 Nh5 20. Nxh5 Rxh5 21. e5 d5 22. Rdf1
g6 23. Rf4 Qa6 24. Rhf1 Rh7 25. h4 Bb5 26. Nxb5 Qxb5 27. Qf2 Kd7 28. Rc1 Rc8
$132 {0-1 Mednis,E-Csom,I/Budapest 1978/MCL (51)}) 18... Qa6 19. g5 hxg5 20.
fxg5 Nh5 21. Nxh5 Rxh5 22. e5 $40 {1-0 Hodgson,J-Csom,I/Tel Aviv 1988/CBM 07 
(30)}) 15. Bxc4 Qxc4 16. Qg2 b4 17. e5 Rb8 18. Ne4 Nd5 19. Bc1 dxe5 20. fxe5
Bc6 21. Nxc6 Qxc6 22. Qe2 O-O 23. Rhf1 a5 $132 {0-1 Kyas,J-Rossmann,H/Rostock
1984/EXT 2002 (36)}) (13... Nxd4 14. Bxd4 b4 (14... Bc6 15. Rhe1 (15. e5 dxe5
16. fxe5 Nd7 17. Qe3 Rc8 18. Ne2 O-O 19. Nf4 Bg5 20. h4 Bxf4 21. Qxf4 f6 22.
Qg4 Nxe5 23. Qxe6+ Kh8 24. Bxe5 {1/2-1/2 Ionov,S-Ragozin,E/St.Petersburg
Chigorin (02)/1995/}) 15... Qb7 16. e5 dxe5 17. fxe5 Nd5 18. Ne4 O-O 19. Qf2 f5
20. exf6 Nxf6 21. Qg3 $36 {1-0 Watzka,H-Titz,H/Austria 1989/TD (25)}) 15. Ne2
e5 (15... Bc6 16. Ng3 (16. e5 dxe5 17. fxe5 Nd5 $10) 16... a5 (16... O-O 17.
Qxb4 d5 18. Qc3 dxe4 19. Bxe4 (19. Nxe4 $2 Nd5 20. Qd2 Nxf4 $15) 19... Nxe4 20.
Nxe4 $14) 17. Rhf1 (17. e5 $5) (17. e5 $1 dxe5 18. fxe5 Nd5 19. Nh5 $36) 17...
O-O 18. e5 dxe5 19. fxe5 Nd7 $13 {1-0 Illescas Cordoba,M-Kortschnoj,V/Madrid
1996/CBM 53}) 16. Be3 Qb7 17. Ng3 O-O (17... Bc6 18. Rhf1 Nxe4 19. Bxe4 Bxe4
20. Nxe4 Qxe4 21. fxe5 O-O 22. exd6 Bxd6 23. Qxd6 Qxe3 24. Qxb4 Rad8 25. Rxd8
Rxd8 26. Qc4 {1-0 Marciano,D-Garcia,D/Montpellier (08)/1991/ (49)}) 18. Rhf1
Rfc8 19. Qf2 Rc6 20. fxe5 dxe5 21. Nf5 Bxf5 22. Qxf5 $36 {1-0 Balashov,
Y-Dorfman,J/Yerevan 1975/URS-ch (41)}) 14. g4 Nxd4 {14...Rfc8 is dangerous. In
this case, white develops a strong attack.} (14... Rfc8 15. Rhg1 Nxd4 16. Bxd4
b4 17. Ne2 e5 18. g5 hxg5 19. fxe5 $40 {1-0 Kavalek,L-Commons,K/Pasadena 1978/
MCD (30)}) 15. Bxd4 b4 $5 {Black forces the knight back and tries to create
counterplay using the typical advance in the center: e6-e5.} 16. Ne2 e5 $5 17.
Bf2 $146 {Novelty, not effecting the character of the game; black has
sufficient counterplay in all cases} (17. fxe5 dxe5 18. Be3 Bc5 19. Ng3 Bxe3
20. Qxe3 a5 21. Rdf1 Nh7 22. Nf5 Be6 23. h4 a4 $132 {0-1 Van der Wiel,J-Gross,
D/Germany 1997/GER-chT (38)}) 17... Bc6 18. Ng3 d5 19. exd5 (19. fxe5 Nxe4 $132
) 19... Nxd5 $5 (19... Bxd5 20. fxe5 Qxe5 21. Rhe1 $36) 20. fxe5 Nc3+ $5 {
Black is playing very actively and reaches a winning position.} (20... Bg5 21.
Qe1 Rfe8 22. Bd4 Bf4 $132) 21. bxc3 Bxh1 22. c4 {White is practically forced
to sacrifice an exchange because the continuation: 22.Rh1 bc is dangerous.} (
22. Rxh1 bxc3 23. Qc1 Rab8+ 24. Ka1 Rb2 $40) 22... Bf3 (22... Bg5 23. Qe2 Bc6
24. Nf5 Rae8 25. Bg3 $44) 23. Rg1 Rad8 $2 {A tactical blunder...after the
simple 23...Bg5 black easily wins.} (23... Bg5 24. Be3 Qxe5 $19) 24. Qf4 $1 {
White's queen is transferred to the kingside} Bb7 25. Nf5 Bg5 26. Qg3 Bd2 $2 {
[%mdl 8192] Black misses an important move and faces attack once again.} (26...
Rfe8 $5 27. h4 Bd2 28. Nd6 Re6) 27. g5 $1 {[%mdl 128]} hxg5 (27... h5 28. g6 f6
29. exf6 Qxg3 30. f7+ $18) (27... Rxd3 28. cxd3 hxg5 29. Be3 Bxe3 30. Qxe3 $40)
28. Be3 $1 Bxe3 29. Qxe3 Rfe8 {Black's defense is hard to come by and 31...f6
is relatively better but also gives white a stealthy attack following: 32.ef
gf 33.h4} (29... f6 30. exf6 gxf6 31. h4 $5 (31. Rxg5+ fxg5 32. Qxg5+ Kh8 33.
Ne7 Qd6 34. Ng6+ Kg7 35. Ne5+ Kh8 36. Qh5+ Kg7 37. Qg5+ $11 (37. Qh7+ Kf6 38.
Ng4+ Kg5 $19)) 31... Rfe8 32. Qf2 $36) 30. Rxg5 g6 31. Rh5 $1 f6 (31... Qxe5
32. Nh6+ Kh7 33. Rxe5 $18) 32. Qg1 $18 g5 33. exf6 {Interesting if not
mistake-free game.} 1-0

[Event "Chebanenco Memorial 1st"]
[Site "Kishinev"]
[Date "1998.02.09"]
[Round "1"]
[White "Bologan, Viktor"]
[Black "Sakaev, Konstantin"]
[Result "1/2-1/2"]
[WhiteElo "2580"]
[BlackElo "2620"]
[Annotator "Gofshtein,L"]
[PlyCount "93"]
[EventDate "1998.02.09"]
[EventType "tourn"]
[EventRounds "9"]
[EventCountry "MDA"]
[EventCategory "12"]
[SourceTitle "CBM 064"]
[Source "ChessBase"]
[SourceDate "1998.06.02"]
[SourceVersion "1"]
[SourceVersionDate "1998.06.02"]
[SourceQuality "1"]

1. e4 {Epishin} c5 2. Nf3 d6 3. d4 cxd4 4. Nxd4 Nf6 5. Nc3 Nc6 6. Bg5 a6 7. Qd2
(7. Bxf6 gxf6 8. Be2 (8. Nb3 e6 (8... f5 9. exf5 Bxf5 10. Bd3 $14 {
Velimirovich-Diesen,Osijek 1978}) 9. Qh5 Qb6 10. Rd1 Bd7 11. Be2 Be7 12. O-O
O-O-O 13. Kh1 (13. Qxf7 $2 h5) 13... Rdg8 $13 {Rogulj-Ghitescu,Buharest 1979})
(8. Bc4 Qb6 $6 (8... e6 {with idea 10...Bd7,11...b5}) 9. Nde2 $5 Bg7 (9... Qxb2
10. Nd5 $44) 10. O-O O-O (10... Qxb2 11. Nd5 O-O 12. Qd3 $13) 11. Bb3 f5 12.
Ng3 $14 {de Firmian-Tarjan,USA 1983}) 8... e6 (8... Bd7 9. Nf5 Rc8 (9... Qa5 $5
) 10. O-O Bxf5 11. exf5 Bh6 12. Qd3 O-O 13. Nd5 $16 {Vitolinsh-Tseskovskij,
USSR 1981}) (8... Qb6 9. Nb3 f5 10. Nd5 Qd8 11. exf5 Bxf5 12. O-O Bg7 13. c3
O-O $13 {Vitolinsh-I.Ivanov,USSR 1977}) 9. Nb3 Qb6 (9... b5 10. O-O Bb7 11. f4
Bg7 12. Kh1 O-O 13. a3 Ne7 14. f5 Qb6 15. fxe6 fxe6 16. Qd4 Qc7 {
Velimirovich-Tseskovskij,Banjaluka 1981}) 10. Bh5 Bd7 11. O-O Rg8 12. Kh1 Rg7
13. f4 O-O-O 14. a4 $14 {Savon-Podgaec,USSR 1976}) 7... Qb6 8. Nb3 e6 9. O-O-O
(9. Bd3 Be7 10. O-O Qc7 11. a4 b6 12. h3 Bb7 13. Be3 Ne5 $132 {
Prasad-Chiburdanidze 1984 India}) (9. Be2 Qc7 10. a4 b6 11. Bxf6 gxf6 12. f4
Bh6 13. O-O Bb7 $14 {Kasparov-Anikaev USSR 1989}) (9. Bxf6 gxf6 10. O-O-O Bd7
11. f4 O-O-O 12. Be2 h5 13. Rhf1 Kb8 14. Kb1 Be7 15. Bf3 h4 $13 {
Sulskis-Gallagher,Pula 1997}) 9... Qc7 10. Kb1 (10. f4 Be7 11. Bxf6 gxf6 12.
Be2 h5 13. h4 b5 14. Bf3 Bb7 15. Kb1 O-O-O $13 {Kozirev-Sherbakov,1996 Omsk})
10... b5 (10... Bd7 $5) 11. f4 Be7 12. Bxf6 gxf6 13. Ne2 $5 {Interesting plan,
White tries an imediately attack against the waek Black king side.} Bd7 (13...
Z0 $140 {Epishin} 14. f5 Z0 15. g3 $16 {[%csl Re6][%cal Yf1h3] This type of
structure is very good for White and Black has no counterplay.}) 14. f5 $5 a5
$5 (14... exf5 $6 15. exf5 Bxf5 16. Nbd4 $44) 15. Nbd4 $5 (15. Nc3 Na7) (15.
Nf4 a4 16. Nd4 Nxd4 17. Qxd4 a3 $1 $132) 15... Nxd4 16. Nxd4 Qc5 17. fxe6 (17.
g3 $6 e5) 17... fxe6 18. g3 (18. Qh6 $5 Kf7 (18... O-O-O 19. Be2 $36) 19. Be2
Bf8 20. Qh3 $40) 18... Kf7 19. Bh3 Ra7 20. Rhf1 h5 21. Nf3 {with the idea of
22.Ng5} Ke8 22. Nh4 (22. Nd4 Kf7 $11) 22... Qg5 (22... Rg8 $5) 23. Qf2 (23.
Qxg5 fxg5 24. Ng6 Rg8 25. Nxe7 Kxe7 $15) 23... Rc7 (23... Qc5 $6 24. Qxc5 dxc5
25. Ng6 Rh6 26. Nf4 $16) 24. e5 $5 (24. Qb6 Qc5) 24... fxe5 $8 (24... Qxe5 $2
25. Ng6 $18) (24... dxe5 25. Qb6 $40) 25. Qf7+ (25. Qb6 $13) 25... Kd8 26. Ng6
(26. Bxe6 $2 Rf8) 26... Rh6 (26... Re8 $6 27. Bxe6 $16) 27. Qg8+ Be8 28. Nxe7
Qxe7 29. Rxd6+ Qxd6 30. Qg5+ Re7 31. Qxh6 Kc7 $14 32. Qe3 $6 (32. Bg2 $1 $14) (
32. Re1 $142 {Epishin} Rd7 33. Qe3 Qd4 34. Kc1 $1 $16 Qxe3+ $140 35. Rxe3 Kd6
36. Rd3+ $18) 32... Qd4 $1 33. Qa3 Qb4 34. Qxb4 (34. Qe3 $142 {Epishin} Qd4 35.
Qg5 $14) 34... axb4 $11 35. Kc1 Bc6 36. Kd2 Kd6 37. Rf6 Bd5 38. Rh6 Rf7 39. Ke3
Ra7 40. Bf5 Rxa2 41. b3 e4 42. Bxe4 Bxe4 43. Kxe4 Rxc2 44. Rxh5 Rb2 45. Rxb5
Rxb3 46. Kd4 Rb2 47. Rb6+ 1/2-1/2

[Event "Chebanenco Memorial 1st"]
[Site "Kishinev"]
[Date "1998.02.13"]
[Round "5"]
[White "Iordachescu, Viorel"]
[Black "Lanka, Zigurds"]
[Result "1/2-1/2"]
[WhiteElo "2520"]
[BlackElo "2525"]
[Annotator "Gofshtein,L"]
[PlyCount "46"]
[EventDate "1998.02.09"]
[EventType "tourn"]
[EventRounds "9"]
[EventCountry "MDA"]
[EventCategory "12"]
[SourceTitle "CBM 064"]
[Source "ChessBase"]
[SourceDate "1998.06.02"]
[SourceVersion "1"]
[SourceVersionDate "1998.06.02"]
[SourceQuality "1"]

1. e4 c5 2. Nf3 Nc6 3. d4 cxd4 4. Nxd4 Nf6 5. Nc3 d6 6. Bg5 e6 7. Qd2 a6 8.
O-O-O h6 9. Be3 Bd7 10. f4 Be7 11. Kb1 (11. Be2 b5 12. Bf3 Rc8 13. g4 Na5 14.
b3 Qc7 15. Nce2 e5 16. Nf5 Bxf5 17. gxf5 O-O 18. Rhg1 Kh7 19. Rg3 $40 {
Arnasson-Stefansson ,Island 1996}) (11. Bd3 $6 Ng4 12. Nxc6 Bxc6 13. Bg1 Nf6
14. Kb1 Qc7 $132 {Sulskis-Lanka Eu-chT 1997}) (11. h3 b5 12. Bd3 Nxd4 13. Bxd4
b4 14. Ne2 e5 15. Be3 Qa5 16. Kb1 O-O 17. g4 Be6 18. b3 d5 $132 {
Yudasin-Svidler,1996 Eu-ch T 1996}) 11... b5 12. Bd3 O-O (12... Qc7 13. Nf3 Ng4
14. Bg1 O-O 15. h3 Nf6 16. Bh2 b4 17. Ne2 Qb7 18. g4 d5 19. Ng3 $14 {
Adams-Dzindzihashvili New York 1996}) 13. a3 $146 (13. g4 Nxg4 14. Rhg1 Nxe3
15. Qxe3 Kh8 16. Nf3 e5 17. Nd5 Rg8 18. Rdf1 Bf8 19. Rg3 $44 {Hie Jun
-Galliamova,Erevan 1996}) (13. h3 Nxd4 14. Bxd4 Bc6 15. Qe3 Qc7 16. e5 dxe5 17.
Bxe5 Qb7 $13 {Nijboer-Wells,Antverpen 1996}) (13. Rhf1 Qc7 14. h3 Nxd4 15. Bxd4
Bc6 16. e5 dxe5 17. fxe5 Nd7 18. Qe3 Rac8 19. Rde1 Bb7 $13 {Timman-Halifman,
Ubeda 1997}) (13. Rhe1 Qc7 14. h3 Na5 15. Qf2 Nc4 16. Bc1 b4 17. Nce2 a5 18.
Ng3 Rfc8 19. Qe2 Rab8 $132 {Elvest-Ivanchuk ,Tarrasa 1991}) 13... Nxd4 (13...
Qc7 $5) 14. Bxd4 Bc6 15. Qe3 (15. g4 $5) 15... Qb8 16. e5 dxe5 17. fxe5 Nd5 18.
Nxd5 Bxd5 19. Rhf1 Qb7 $5 (19... b4 $6 20. Rf6 $1 bxa3 (20... Rc8 21. Rxh6 bxa3
22. Qh3 gxh6 23. Qxh6 $18) (20... gxf6 21. exf6 Qxh2 22. fxe7 Rfe8 23. g3 Qh5
24. g4 Qg5 (24... Qh4 25. g5 hxg5 26. Bf6 $18) 25. Qxg5+ $1 hxg5 26. Bf6 $18)
21. Rxh6 f5 (21... axb2 22. Rh8+ $18) 22. exf6 Bxf6 (22... Rxf6 23. Rh7 $40)
23. Bh7+ Kf7 (23... Kh8 24. Bg6+ Kg8 25. Rh8+ $18) 24. Bg6+ Ke7 25. Qxa3+ $18)
(19... Bc4 $6 20. Qe4 Bxd3 21. Rxd3 $40) 20. Rf6 Bc4 $8 (20... Rfc8 21. Rdf1
gxf6 22. exf6 Bf8 23. Rf4 $40) 21. Be4 (21. Rxh6 $6 Bxd3 22. Rxd3 Qxg2 $15)
21... Bd5 $11 22. Bd3 Bc4 23. Be4 Bd5 1/2-1/2

[Event "Serbian-ch 29th"]
[Site "Sabac"]
[Date "1998.04.20"]
[Round "1"]
[White "Vuckovic, Bojan"]
[Black "Solak, Dragan"]
[Result "1-0"]
[WhiteElo "2320"]
[BlackElo "2380"]
[Annotator "Gofshtein,L"]
[PlyCount "73"]
[EventDate "1998.04.20"]
[EventType "tourn"]
[EventRounds "13"]
[EventCountry "YUG"]
[EventCategory "9"]
[SourceTitle "CBM 065"]
[Source "ChessBase"]
[SourceDate "1998.08.06"]
[SourceVersion "1"]
[SourceVersionDate "1998.08.06"]
[SourceQuality "1"]

1. e4 c5 2. Nf3 d6 3. d4 cxd4 4. Nxd4 Nf6 5. Nc3 Nc6 6. Bg5 e6 7. Qd2 a6 8.
O-O-O h6 9. Be3 Be7 10. f4 Bd7 11. Be2 b5 12. Bf3 Rc8 13. Kb1 Na5 (13... Qc7
14. Nb3 Rb8 $6 15. g4 b4 16. Ne2 g5 $1 17. e5 $5 dxe5 18. fxg5 hxg5 19. Bxg5 e4
20. Bxf6 Bxf6 21. Bxe4 $14 {Oll,L-Lerner,K/URS-FL 1986/1/2-1/2 (97)}) (13... b4
14. Nce2 Qc7 15. g4 e5 16. Nf5 Bxf5 17. exf5 e4 18. Bg2 Na5 $132 {[%cal Ga5c4,
Gd6d5] 1-0 Wolff,P-Kortschnoj,V/New York CITS 1996 (44)}) 14. Qf2 (14. e5 $5
dxe5 15. fxe5 Nc4 16. Qe1 Nxe5 17. Bb7 b4 18. Bxc8 Qxc8 19. Bc1 $14 {
Hjartarson,J-Ashley,M/Mermaid Beach Club 1997/1-0 (59)}) (14. g4 b4 15. Nce2
Nc4 16. Qd3 e5 17. Nf5 Bxf5 18. gxf5 Nxe3 19. Qxe3 Qc7 20. Rd2 O-O 21. Nc1 Rfe8
$132 {1/2-1/2 Gallagher,J-Benjamin,J/Saint John op-2 1988 (43)}) (14. Qd3 Qc7
15. Rhe1 b4 16. e5 $6 bxc3 17. exf6 Bxf6 18. b3 d5 19. Bc1 O-O $15 {0-1 Boudre,
J-Shirov,A/Val Maubuee 1989 (25)}) 14... Nc4 15. g4 Qc7 (15... b4 16. Nce2 Qc7
17. g5 hxg5 18. fxg5 Nh7 19. h4 e5 (19... Nxe3 $5 20. Qxe3 e5 21. Nf5 Bxf5 22.
exf5 Qxc2+ 23. Ka1 Qxf5 24. Be4 Qd7 25. g6 Nf6 $17) 20. Nf5 g6 21. Nxe7 Kxe7
22. Bc1 Be6 $13 {[%cal Gh7f8,Gf8d7] 1-0 Short,N-Benjamin,J/Hastings8788 1987 
(37)}) (15... g5 16. fxg5 hxg5 17. Bc1 b4 18. Nce2 e5 19. Nf5 Bxf5 20. gxf5 g4
21. Bg2 Qb6 22. Qxb6 Nxb6 23. c3 a5 24. cxb4 axb4 $13 {Kamsky,G-Atalik,S/
Tilburg 1993/1-0 (66)}) 16. g5 (16. Bc1 $143 $6 Na3+ 17. Ka1 b4 $15) 16... hxg5
17. fxg5 Nxb2 $1 18. gxf6 $8 Nxd1 19. Nxd1 Bxf6 $15 20. Nb3 Qc4 21. Bc1 {
White tries to exchange the most dangerous piece of black-bishop f6.} Bc6 22.
Ne3 Qa4 {[%cal Gc6e4]} 23. Qg2 (23. Ng4 $6 Bxe4 24. Nxf6+ gxf6 25. Bxe4 Qxe4
26. Qxf6 Qxc2+ 27. Ka1 Rxh2 $17) 23... Qb4 24. Rd1 a5 25. Ng4 $1 $132 a4 $2 ({
Better was} 25... Bc3 $5 26. a3 Qa4 27. Rxd6 b4 $36 {keeping blacksquare bishop
}) 26. Nxf6+ gxf6 27. a3 Qc3 28. Bb2 $16 Qe3 29. Na5 $1 {[%csl Rf6][%cal Ge4e5,
Ra5c6]} Qf4 30. Nxc6 Rxc6 {[%tqu "En","","","","b2f6","",10,"e4e5","",0]} 31.
Bxf6 $1 (31. e5 $143 $6 d5 32. exf6 Qxh2 $13 33. Qg7 $2 Qxc2+ 34. Ka1 {[%cal
Gd1c1]} Rh7 $1 35. Qg8+ Kd7 36. Rc1 Qg6 $19) 31... Qxf6 32. e5 Qxe5 (32... Rxc2
33. Bc6+ $1 Kf8 34. exf6 Rxg2 35. Bxg2 {[%cal Gd1d6]} d5 36. Rc1 $18) 33. Bxc6+
Ke7 34. Qf2 $18 {[%cal Gf2a7] Two pawns and unsafe position of blak's king are
not enought compensation for white bishop.} Rc8 35. Qa7+ Kf8 36. Qd7 Rb8 37.
Qc7 {[%csl Rb8]} 1-0

[Event "Serbian-ch 29th"]
[Site "Sabac"]
[Date "1998.05.01"]
[Round "12"]
[White "Marciano, David"]
[Black "Zontakh, Andrey"]
[Result "1/2-1/2"]
[WhiteElo "2485"]
[BlackElo "2545"]
[Annotator "Gofshtein,L"]
[PlyCount "95"]
[EventDate "1998.04.20"]
[EventType "tourn"]
[EventRounds "13"]
[EventCountry "YUG"]
[EventCategory "9"]
[SourceTitle "CBM 065"]
[Source "ChessBase"]
[SourceDate "1998.08.06"]
[SourceVersion "1"]
[SourceVersionDate "1998.08.06"]
[SourceQuality "1"]

1. e4 c5 2. Nf3 d6 3. d4 cxd4 4. Nxd4 Nf6 5. Nc3 Nc6 6. Bg5 e6 7. Qd2 a6 8.
O-O-O h6 9. Be3 Be7 10. f4 Nxd4 11. Bxd4 b5 12. Qe3 Qc7 13. e5 dxe5 14. fxe5
Nd7 15. Ne4 Bb7 16. Nd6+ Qxd6 17. exd6 Bg5 18. Qxg5 hxg5 19. Bxg7 Rh4 20. Bd4 (
20. Bc3 {Adams,M-Svidler,P/Tilburg Fontys 1996/1/2-1/2(34)}) 20... Rc8 (20...
f5 21. h3 {Short,N-San Segundo,P/Torneo Magistral 6th 1997/1-0(50)} (21. Bf2 {
Polgar,J-San Segundo,P/Torneo Magistral 6th 1997/1-0(37)}) (21. b3 {Short,
N-Anand,V/Dos Hermanas 1997/1/2-1/2(48)})) 21. Bf2 (21. c3 e5 $6 (21... f5 $5)
22. Be3 f6 $6 (22... g4 $5 {[%cal Gf7f5]}) 23. h3 $16 Nf8 24. Rg1 Kd7 25. Be2
$18 {[%cal Ge2g4]} Ne6 26. Bg4 Be4 27. Rgf1 Rh6 28. Rf2 b4 29. Bxe6+ Kxe6 30.
d7 Rd8 31. Rfd2 bxc3 32. bxc3 Rb8 33. Rd6+ {1-0 Chandler,M-Naumann,A/BL9697
1997}) (21. Rd2 Bd5 22. Be3 f6 23. Bd3 Ne5 24. b3 Kd7 $15 {Varavin,V-Makarov,M/
RUS-ch 1994/1/2-1/2(52)}) (21. Be3 f6 22. Rd2 Kf7 23. h3 e5 24. Bd3 Ke6 25. Rf1
Be4 26. Bxe4 Rxe4 27. Rd3 Rec4 28. Rf2 R4c6 29. Rfd2 Rd8 30. b4 Rc4 31. a3 Rdc8
32. Kb2 g4 33. hxg4 Rxg4 34. Bc5 Rc4 {1/2-1/2 Mozaliov,S-Kalinin,A/Moscow-ch
1996}) 21... Rh6 (21... Ra4 $2 {[%csl Ra4]} 22. Kb1 Bd5 23. a3 f6 24. Rg1 Rc6
25. Be2 Rxd6 26. b3 Rxa3 27. Kb2 b4 28. c4 $18 {Wahls,M-Henrich,T/Biel op MTO
1996/1-0(31)}) 22. b3 $6 $146 {[%cal Gc2c4]} (22. h4 $1 {[%cal Gh1h3]} f5 (
22... e5 23. Rh3 (23. Be2 Bxg2 24. Rhg1 Be4 25. Rd2 Rc6 26. hxg5 Rhxd6 27. Rxd6
Rxd6 28. Rg3 Rc6 29. c3 Bg6 30. Rh3 Ke7 31. Rh8 {1/2-1/2 Wahls,M-Lagunow,A/
GER-ch 1995}) 23... g4 24. Re3 Kf8 $2 25. Bg3 f5 26. Bxe5 Be4 27. Rxe4 fxe4 28.
Bg3 Rh5 29. c3 Rf5 30. Be2 Nf6 31. Rd4 $16 {[%cal Ga2a4] Wahls,M-Lagunow,A/
GER-ch 1996/1-0(51)}) 23. a4 bxa4 24. Rh3 gxh4 25. Ra3 Bc6 26. Bxa6 Ra8 27. Bf1
Ne5 $6 (27... e5) 28. Rh3 Ng6 29. g3 Kd7 30. gxh4 Rah8 31. Ra3 Nxh4 32. b4 $1
$16 {[%cal Gb4b5] Stojanovic,M-Goloshchapov,A/WchJM U20 1997/1-0(45)}) 22... f5
23. Kb2 Nf6 $6 (23... e5 $5 24. h4 g4 $132 {[%cal Gf5f4]}) 24. Bd4 Kd7 25. h3
Rc6 26. c4 ({Nothing promises} 26. Be5 Ne4 {[%cal Ge4f2,Ge4d6]} 27. Rh2 Rc5 $1
(27... Nxd6 $6 28. g3 {[%cal Gh2d2]} Rb6 {[%cal Gb7d5]} 29. Bd4 $1 Rc6 30. Rhd2
{[%cal Gd4e5]} Ke8 (30... Ne4 $2 31. Bg7+ Nxd2 32. Rxd2+ $18 {[%cal Gg7h6]})
31. Bg7 Rg6 32. Rxd6 Rxd6 33. Rxd6 Rxg7 34. Rxe6+ $16) 28. Bg7 Rh7 29. Bf8 Rd5
30. Rxd5 Bxd5 $15 {[%cal Gg5g4]}) 26... bxc4 27. Bxc4 Rxd6 28. Bc5 Rxd1 29.
Rxd1+ Nd5 30. Be2 $5 {[%cal Ge2f3] Trying to prevent blacks counterplay on
kingside.} Rh8 $6 (30... e5 $5 31. Bc4 Ke6 $132 {[%cal Gh6h7,Gh7d7]}) 31. Bf3
Bc6 32. Bd4 Rg8 33. Be5 $14 {Arising endgame is slightly better for white.The
only question that remain if white can make the passed pawn on queenside.} Kc8
34. Rd4 Kb7 35. b4 Rc8 36. Kb3 {[%cal Ga2a4]} a5 $1 37. bxa5 Ra8 38. a4 Rxa5
39. Rc4 Ra6 40. Ka3 Ne3 $11 41. Rb4+ Kc8 42. Kb3 Kd7 (42... Nxg2 $5 43. Rc4
Rb6+ 44. Ka2 (44. Ka3 Ne3 $1 {[%cal Ge3d5]} 45. Rc3 Nd5 46. Bxd5 exd5 $15 {\=})
44... Kd7 45. Rd4+ Bd5+ 46. Bxd5 exd5 47. Rxd5+ Ke6 48. Rc5 f4 $13) 43. Bf6 Nd5
$11 (43... Bxf3 $6 44. gxf3 Nd5 45. Rd4 $16 {[%cal Gf6g5]}) 44. Rd4 Bxa4+ $1
45. Kc4 g4 (45... Bc6 46. Bxg5 Ra4+ 47. Kc5 $8 $11 (47. Kd3 $2 Bb5+ $19 {
[%csl Rd4]})) 46. hxg4 fxg4 47. Bxd5 exd5+ 48. Kxd5 1/2-1/2